[Event "DVM U16 2009"]
[Site "Verden/Aller GER"]
[Date "2009.12.27"]
[Round "2"]
[White "Wenninger, Philipp"]
[Black "Evers, Annika"]
[Result "1-0"]
[Termination "normal"]
[Board "4.3"]
[WhiteElo "1988"]
[BlackElo "1676"]
[WhiteTeam "Heilbronner Schachverein"]
[BlackTeam "Stader Schachverein"]
[PlyCount "97"]
[WhiteFideId "4648404"]
[BlackFideId "24691933"]
[EventCountry "GER"]
[EventRounds "7"]
[EventType "team-swiss"]
[EventDate "2009.12.26"]

1. e4 c5 2. Na3 e6 3. c3 d5 4. e5 d4 5. Nf3 d3 6. Qa4+ Bd7 7. Qe4 Bc6 8. Qxd3
Qxd3 9. Bxd3 Nd7 10. Bb5 Bxf3 11. gxf3 a6 12. Bxd7+ Kxd7 13. Nc4 Rd8 14. d4 b5
15. Na5 cxd4 16. cxd4 Rc8 17. Nb3 Nh6 18. Bxh6 gxh6 19. Kd2 a5 20. Rac1 Be7 21.
Ke3 a4 22. Nd2 Rc7 23. Rxc7+ Kxc7 24. Ne4 Kd7 25. Rg1 Rc8 26. Kd3 Bg5 27. h4
Bxh4 28. Rg7 Ke7 29. Nd6 Rf8 30. Nxb5 Bxf2 31. Rxh7 Be1 32. Nc3 Ra8 33. Rxh6 a3
34. Rh1 Bf2 35. b4 Rd8 36. Ne2 Rb8 37. Rb1 Kd7 38. b5 Bh4 39. Rb3 Be7 40. Nc3
Kc7 41. Kc4 Kb6 42. Na4+ Kc7 43. Nc5 Bxc5 44. dxc5 Ra8 45. b6+ Kb8 46. c6 Ra6
47. Kb5 Ra8 48. b7 Ra7 49. Kb6 1-0

[Event "DVM U16 2009"]
[Site "Verden/Aller GER"]
[Date "2009.12.27"]
[Round "2"]
[White "Meyer, Christoph"]
[Black "Usov, Andreas"]
[Result "0-1"]
[Termination "normal"]
[Board "4.4"]
[WhiteElo "1591"]
[BlackElo "1472"]
[WhiteTeam "Stader Schachverein"]
[BlackTeam "Heilbronner Schachverein"]
[PlyCount "96"]
[WhiteFideId "1270490"]
[BlackFideId "24601713"]
[EventCountry "GER"]
[EventRounds "7"]
[EventType "team-swiss"]
[EventDate "2009.12.26"]

1. d4 d5 2. c4 e6 3. Nc3 Nf6 4. Bg5 Be7 5. Nf3 O-O 6. e3 h6 7. Bh4 b6 8. Bd3
Bb7 9. cxd5 Nxd5 10. Bxe7 Qxe7 11. O-O Nd7 12. Rc1 c5 13. dxc5 Nxc5 14. Nxd5
Bxd5 15. Bc4 Rfd8 16. Qe2 Bxc4 17. Rxc4 Rd5 18. Rd4 Rad8 19. Rfd1 Rxd4 20. Nxd4
Qd7 21. Rd2 Ne4 22. Rc2 e5 23. Nc6 Qd1+ 24. Qf1 Qxc2 25. Nxd8 Qxb2 26. f3 Nd2
27. Qe2 Qxa2 28. Nc6 Qc4 29. Qxc4 Nxc4 30. Nxa7 Nxe3 31. Kf2 Nd5 32. g3 Kf8 33.
Ke2 f6 34. Kd3 Nc7 35. Kc4 Ke7 36. Nc8+ Ke6 37. Nxb6 h5 38. Kd3 g5 39. Nc4 Nd5
40. Nd2 g4 41. Ke2 f5 42. Kf2 Nf6 43. f4 exf4 44. gxf4 Ne4+ 45. Ke3 Nxd2 46.
Kxd2 Kd5 47. Ke3 Kc4 48. Kf2 Kd3 0-1

[Event "DVM U16 2009"]
[Site "Verden/Aller GER"]
[Date "2009.12.27"]
[Round "2"]
[White "Marx, Joschka"]
[Black "Nguyen Minh, Thuy"]
[Result "1-0"]
[Termination "normal"]
[Board "5.1"]
[WhiteElo "2020"]
[BlackElo "1915"]
[WhiteTeam "Segeberger SF"]
[BlackTeam "USG Chemnitz"]
[PlyCount "31"]
[WhiteFideId "24645869"]
[BlackFideId "24672688"]
[EventCountry "GER"]
[EventRounds "7"]
[EventType "team-swiss"]
[EventDate "2009.12.26"]

1. e4 c5 2. Nf3 d6 3. d3 Nc6 4. Nbd2 g6 5. g3 Bg7 6. Bg2 e6 7. O-O Nge7 8. c3
O-O 9. Nh4 Rb8 10. f4 f5 11. a4 b6 12. exf5 gxf5 13. Ndf3 Qc7 14. Qe2 Re8 15.
Ng5 Ng6 16. Qh5 1-0

[Event "DVM U16 2009"]
[Site "Verden/Aller GER"]
[Date "2009.12.27"]
[Round "2"]
[White "Schätz, Annika"]
[Black "Schwarzat, Julian"]
[Result "1/2-1/2"]
[Termination "normal"]
[Board "5.2"]
[WhiteElo "1786"]
[BlackElo "2022"]
[WhiteTeam "USG Chemnitz"]
[BlackTeam "Segeberger SF"]
[PlyCount "29"]
[WhiteFideId "24674796"]
[BlackFideId "24675857"]
[EventCountry "GER"]
[EventRounds "7"]
[EventType "team-swiss"]
[EventDate "2009.12.26"]

1. e4 e6 2. d4 d5 3. Nc3 Bb4 4. exd5 exd5 5. Bd3 Nc6 6. Nge2 Nge7 7. O-O Bf5 8.
Bf4 Qd7 9. a3 Bd6 10. Bxf5 Qxf5 11. Bxd6 cxd6 12. Ng3 Qf6 13. Re1 O-O 14. Qd3
Rfe8 15. Rad1 1/2-1/2

[Event "DVM U16 2009"]
[Site "Verden/Aller GER"]
[Date "2009.12.27"]
[Round "2"]
[White "Neitzel, Mirko"]
[Black "Matschewsky, Justus"]
[Result "0-1"]
[Termination "normal"]
[Board "5.3"]
[WhiteElo "1873"]
[BlackElo "1731"]
[WhiteTeam "Segeberger SF"]
[BlackTeam "USG Chemnitz"]
[PlyCount "116"]
[WhiteFideId "24657298"]
[BlackFideId "24678708"]
[EventCountry "GER"]
[EventRounds "7"]
[EventType "team-swiss"]
[EventDate "2009.12.26"]

1. c4 e5 2. g3 Bc5 3. Bg2 c6 4. Nc3 Nf6 5. Nf3 d6 6. O-O O-O 7. d4 exd4 8. Nxd4
Nbd7 9. Nb3 Bb4 10. Na4 Ne5 11. a3 Ba5 12. Qd4 Bc7 13. Bf4 Be6 14. Nd2 Qe7 15.
b3 Rfd8 16. Nf3 Nxf3+ 17. Bxf3 d5 18. Bxc7 Qxc7 19. c5 Bf5 20. Rac1 Re8 21. Nc3
Ne4 22. Nxe4 Bxe4 23. Bxe4 Rxe4 24. Qd3 Rae8 25. Rc2 Qe5 26. Re1 f5 27. b4 a6
28. Kf1 f4 29. Qf3 Rf8 30. Rd2 Re3 31. gxf4 Rxf3 32. fxe5 Rxf2+ 33. Kg1 R2f5
34. Rd3 Rxe5 35. Kg2 Rg5+ 36. Rg3 Rxg3+ 37. hxg3 Re8 38. Kf3 Re4 39. Rc1 Kf7
40. Rc3 Kf6 41. e3 Ke5 42. Rd3 Rc4 43. g4 h6 44. Rb3 Rc1 45. Rd3 Rf1+ 46. Kg2
Rf6 47. Rd4 g6 48. Kg3 Rf1 49. Kg2 Ra1 50. Rd3 Ke4 51. Rb3 Ra2+ 52. Kg3 Re2 53.
Rb1 Rxe3+ 54. Kf2 Kf4 55. Rh1 Rxa3 56. Rxh6 Ra2+ 57. Ke1 Rg2 58. Rxg6 Rxg4 0-1

[Event "DVM U16 2009"]
[Site "Verden/Aller GER"]
[Date "2009.12.27"]
[Round "2"]
[White "Jentzsch, Jakob"]
[Black "Marx, Inga"]
[Result "1/2-1/2"]
[Termination "normal"]
[Board "5.4"]
[WhiteElo "1525"]
[BlackElo "1737"]
[WhiteTeam "USG Chemnitz"]
[BlackTeam "Segeberger SF"]
[PlyCount "33"]
[BlackFideId "4654749"]
[EventCountry "GER"]
[EventRounds "7"]
[EventType "team-swiss"]
[EventDate "2009.12.26"]

1. e4 c6 2. d4 g6 3. Nc3 d5 4. Nf3 dxe4 5. Nxe4 Bg7 6. c3 Nd7 7. Be3 Ngf6 8.
Ng3 O-O 9. Be2 Qc7 10. Qd2 c5 11. Bh6 Rd8 12. Bxg7 Kxg7 13. Rd1 Nb6 14. Qg5 Na4
15. Qc1 cxd4 16. Rxd4 Rxd4 17. Nxd4 1/2-1/2

[Event "DVM U16 2009"]
[Site "Verden/Aller GER"]
[Date "2009.12.27"]
[Round "2"]
[White "Zarafat, Daniel"]
[Black "Horbach, Fabian"]
[Result "0-1"]
[Termination "normal"]
[Board "6.1"]
[WhiteElo "1831"]
[BlackElo "1786"]
[WhiteTeam "SC Noris-Tarrasch Nürnberg 1873"]
[BlackTeam "SV 1949 Herzogenrath"]
[PlyCount "47"]
[WhiteFideId "4625781"]
[BlackFideId "12910139"]
[EventCountry "GER"]
[EventRounds "7"]
[EventType "team-swiss"]
[EventDate "2009.12.26"]

1. e4 c5 2. d4 cxd4 3. c3 dxc3 4. Nxc3 e6 5. Nf3 Bc5 6. Bc4 Ne7 7. O-O a6 8.
Bf4 Nbc6 9. Rc1 O-O 10. Qe2 Ng6 11. Bg3 f6 12. Rfd1 Re8 13. a3 Nge5 14. Nxe5
Nxe5 15. Ba2 Ba7 16. Kh1 Qc7 17. f4 Nc6 18. Bh4 Kh8 19. Rd3 b5 20. e5 Rf8 21.
Ne4 Nd4 22. Qd1 Nf3 23. exf6 gxf6 24. Be1 {Partie nicht weiter rekonstruierbar}
0-1

[Event "DVM U16 2009"]
[Site "Verden/Aller GER"]
[Date "2009.12.27"]
[Round "2"]
[White "Schreyer, Erik"]
[Black "Junk, Philipp"]
[Result "1-0"]
[Termination "normal"]
[Board "6.2"]
[WhiteElo "1821"]
[BlackElo "1760"]
[WhiteTeam "SV 1949 Herzogenrath"]
[BlackTeam "SC Noris-Tarrasch Nürnberg 1873"]
[PlyCount "124"]
[WhiteFideId "24603210"]
[BlackFideId "24669512"]
[EventCountry "GER"]
[EventRounds "7"]
[EventType "team-swiss"]
[EventDate "2009.12.26"]

1. e4 c5 2. c3 d5 3. exd5 Qxd5 4. d4 Nf6 5. Nf3 Nc6 6. Be2 e6 7. O-O Be7 8. Bf4
O-O 9. Na3 a6 10. Nc4 Bd8 11. dxc5 e5 12. Qxd5 Nxd5 13. Bxe5 Nxe5 14. Ncxe5 Re8
15. Bc4 Be6 16. Nd4 Nc7 17. Nxe6 Nxe6 18. Bd5 Bc7 19. Rfe1 Bxe5 20. Rxe5 Nxc5
21. Bxf7+ Kxf7 22. Rxc5 Rad8 23. Rc7+ Re7 24. Rxe7+ Kxe7 25. f3 Rd2 26. b3 Rc2
27. c4 Rb2 28. Kf1 Kf6 29. Rd1 Rxa2 30. Rd7 b5 31. cxb5 axb5 32. Rb7 Rb2 33.
Rxb5 Ke6 34. Rb7 g5 35. b4 h6 36. b5 Kd6 37. Rb6+ Kc7 38. Rxh6 Rxb5 39. Rh5 Kd6
40. h4 Rb1+ 41. Kf2 gxh4 42. Rxh4 Ke5 43. Re4+ Kf5 44. g4+ Kg5 45. Re5+ Kf6 46.
f4 Rb3 47. Re3 Rb5 48. Kg3 Ra5 49. Rb3 Ra6 50. g5+ Kg6 51. Kg4 Ra7 52. f5+ Kg7
53. Rb4 Rc7 54. g6 Kh6 55. Kf4 Rc2 56. Re4 Rf2+ 57. Kg4 Rg2+ 58. Kf3 Rg5 59.
Rh4+ Kg7 60. Kf4 Rg1 61. Ke5 Re1+ 62. Kf4 Rf1+ 1-0

[Event "DVM U16 2009"]
[Site "Verden/Aller GER"]
[Date "2009.12.27"]
[Round "2"]
[White "Kulok, Solomon"]
[Black "Jerinic, Milan"]
[Result "0-1"]
[Termination "normal"]
[Board "6.3"]
[WhiteElo "1650"]
[BlackElo "1552"]
[WhiteTeam "SC Noris-Tarrasch Nürnberg 1873"]
[BlackTeam "SV 1949 Herzogenrath"]
[PlyCount "61"]
[WhiteFideId "24652210"]
[EventCountry "GER"]
[EventRounds "7"]
[EventType "team-swiss"]
[EventDate "2009.12.26"]

1. e4 e6 2. d4 d5 3. exd5 exd5 4. Bd3 Bd6 5. Qf3 Ne7 6. Ne2 c6 7. O-O Nd7 8.
Ng3 O-O 9. Bg5 Qc7 10. Nd2 h6 11. Be3 Nf6 12. h3 Ne8 13. c4 dxc4 14. Nxc4 Nd5
15. Nxd6 Nxd6 16. Bd2 Be6 17. Rac1 Qd7 18. Rfe1 Rfd8 19. Re5 Nf6 20. Bxh6 Bd5
21. Qf4 Nfe8 22. Bg5 f6 23. Qh4 fxg5 24. Qh7+ Kf8 25. Nh5 Bg8 26. Qh8 Nf6 27.
Nxf6 gxf6 28. Qh6+ Qg7 29. Qh5 Bf7 30. Qg4 Re8 31. Rxg5 0-1

[Event "DVM U16 2009"]
[Site "Verden/Aller GER"]
[Date "2009.12.27"]
[Round "2"]
[White "Palmen, Niklas"]
[Black "Sabnew, Andrej"]
[Result "0-1"]
[Termination "normal"]
[Board "6.4"]
[WhiteElo "1615"]
[BlackElo "1710"]
[WhiteTeam "SV 1949 Herzogenrath"]
[BlackTeam "SC Noris-Tarrasch Nürnberg 1873"]
[PlyCount "96"]
[BlackFideId "4625722"]
[EventCountry "GER"]
[EventRounds "7"]
[EventType "team-swiss"]
[EventDate "2009.12.26"]

1. e4 e5 2. Nf3 Nc6 3. d4 exd4 4. Nxd4 Bc5 5. Be3 Qf6 6. c3 Nge7 7. g3 O-O 8.
Bg2 d6 9. O-O Bb6 10. Nc2 Re8 11. Nd2 Be6 12. f4 Rad8 13. Qe2 d5 14. e5 Qg6 15.
Nb3 Bf5 16. Ncd4 Nxd4 17. Nxd4 Bxd4 18. Bxd4 Bd3 19. Qf2 Bxf1 20. Qxf1 b6 21.
Qe2 c5 22. Bf2 Qe6 23. Rd1 f6 24. g4 fxe5 25. Qxe5 Qxe5 26. fxe5 g5 27. h4 Kf8
28. hxg5 Ng6 29. Bg3 Nxe5 30. Bxd5 Nxg4 31. Rf1+ Kg7 32. Bb3 Rf8 33. Re1 Rde8
34. Rd1 Ne5 35. Rd6 Nf3+ 36. Kh1 Nxg5 37. Rd7+ Kh8 38. Rd8 Re1+ 39. Bxe1 Rxd8
40. Kg2 Re8 41. Kf1 Kg7 42. Bg3 h5 43. Ba4 Rf8+ 44. Kg2 Ne4 45. Be1 Rf4 46. Bd1
Kh6 47. Bf3 h4 48. Bd1 h3+ 0-1

[Event "DVM U16 2009"]
[Site "Verden/Aller GER"]
[Date "2009.12.27"]
[Round "2"]
[White "Schulz, Anja"]
[Black "Azizi, Nassim"]
[Result "0-1"]
[Termination "normal"]
[Board "7.1"]
[WhiteElo "1996"]
[BlackElo "1706"]
[WhiteTeam "SV Muldental Wilkau-Haßlau"]
[BlackTeam "Schachfreunde 1974 Heinsberg"]
[PlyCount "27"]
[WhiteFideId "24647845"]
[BlackFideId "4608119"]
[EventCountry "GER"]
[EventRounds "7"]
[EventType "team-swiss"]
[EventDate "2009.12.26"]

1. e4 c5 2. Nf3 d6 3. d4 cxd4 4. Nxd4 Nf6 5. Nc3 a6 6. Be3 e5 7. Nb3 Be6 8. f4
Be7 9. f5 Bd7 10. Qf3 Bc6 11. O-O-O Nbd7 12. Bd3 b5 13. a3 Qc7 14. Nd4 {Partie
nicht rekonstruirbar} 0-1

[Event "DVM U16 2009"]
[Site "Verden/Aller GER"]
[Date "2009.12.27"]
[Round "2"]
[White "Ahlswede, Christian"]
[Black "Schlömer, Armin"]
[Result "0-1"]
[Termination "normal"]
[Board "7.3"]
[WhiteElo "1437"]
[BlackElo "1607"]
[WhiteTeam "SV Muldental Wilkau-Haßlau"]
[BlackTeam "Schachfreunde 1974 Heinsberg"]
[PlyCount "66"]
[BlackFideId "12910090"]
[EventCountry "GER"]
[EventRounds "7"]
[EventType "team-swiss"]
[EventDate "2009.12.26"]

1. e4 c5 2. Nf3 Nc6 3. d4 cxd4 4. Nxd4 Nf6 5. Nc3 d6 6. f3 a6 7. Bc4 Qc7 8. Be3
g6 9. Qd2 Bg7 10. O-O-O Ne5 11. Bb3 b5 12. h3 Bd7 13. Nde2 O-O 14. Nf4 Bc6 15.
Nfd5 Nxd5 16. Bxd5 b4 17. Ne2 Bxd5 18. Qxd5 Rfc8 19. Qb3 a5 20. Nd4 Nc4 21. Bf2
Bh6+ 22. Kb1 Nd2+ 23. Rxd2 Bxd2 24. Rd1 a4 25. Qd3 Bh6 26. Nb5 Qb7 27. Bg3 Ra5
28. Nd4 Rac5 29. Bh2 b3 30. axb3 e5 31. Ne2 Rxc2 32. Qxc2 Rxc2 33. Kxc2 Qxb3+
0-1

[Event "DVM U16 2009"]
[Site "Verden/Aller GER"]
[Date "2009.12.27"]
[Round "2"]
[White "Salzmann, Thomas"]
[Black "Range, Felix"]
[Result "1-0"]
[Termination "normal"]
[Board "7.4"]
[WhiteElo "1667"]
[BlackElo "1274"]
[WhiteTeam "Schachfreunde 1974 Heinsberg"]
[BlackTeam "SV Muldental Wilkau-Haßlau"]
[PlyCount "57"]
[WhiteFideId "12910104"]
[BlackFideId "12905623"]
[EventCountry "GER"]
[EventRounds "7"]
[EventType "team-swiss"]
[EventDate "2009.12.26"]

1. e4 c5 2. Nc3 e6 3. g3 Be7 4. Bg2 d6 5. d3 Nf6 6. f4 Nbd7 7. Nf3 O-O 8. h3 a6
9. O-O Qc7 10. g4 b5 11. g5 Ne8 12. h4 Bb7 13. Qe2 e5 14. f5 Nb6 15. Nh2 b4 16.
Nd1 d5 17. Ng4 f6 18. g6 Nd6 19. h5 c4 20. h6 gxh6 21. Nxh6+ Kh8 22. Qh5 cxd3
23. Ng4 Bd8 24. Rf3 dxe4 25. Rh3 Re8 26. Qxh7+ Qxh7 27. Rxh7+ Kg8 28. Nh6+ Kf8
29. g7+ 1-0

[Event "DVM U16 2009"]
[Site "Verden/Aller GER"]
[Date "2009.12.27"]
[Round "2"]
[White "Kuhlemann, Alexander"]
[Black "Mao, Kevin"]
[Result "1/2-1/2"]
[Termination "normal"]
[Board "8.1"]
[WhiteElo "1855"]
[BlackElo "1706"]
[WhiteTeam "SC 1868 Bamberg"]
[BlackTeam "SK 1980 Gernsheim"]
[PlyCount "68"]
[BlackFideId "1271183"]
[EventCountry "GER"]
[EventRounds "7"]
[EventType "team-swiss"]
[EventDate "2009.12.26"]

1. f4 Nc6 2. e3 d6 3. Nf3 Nf6 4. d4 Bf5 5. Bb5 g6 6. d5 a6 7. dxc6 axb5 8. cxb7
Rb8 9. a4 bxa4 10. Rxa4 Rxb7 11. Nc3 Bg7 12. O-O O-O 13. Nd4 Bd7 14. Ra1 c5 15.
Nde2 Bc6 16. Ng3 Rb8 17. e4 Nd7 18. Qg4 e6 19. Ra2 d5 20. e5 f5 21. exf6 Qxf6
22. Ra6 Rb6 23. Rxb6 Nxb6 24. Re1 Bd7 25. Qf3 Qf7 26. Nd1 Nc4 27. b3 Nd6 28.
Nf2 Nf5 29. Nxf5 Qxf5 30. c4 d4 31. Nd3 Rb8 32. g4 Qf8 33. Nxc5 Bc8 34. Ba3 Rb6
1/2-1/2

[Event "DVM U16 2009"]
[Site "Verden/Aller GER"]
[Date "2009.12.27"]
[Round "2"]
[White "Di Capua, Francesco Stefano"]
[Black "Bücker, Florian"]
[Result "1/2-1/2"]
[Termination "normal"]
[Board "8.2"]
[WhiteElo "1583"]
[BlackElo "1628"]
[WhiteTeam "SK 1980 Gernsheim"]
[BlackTeam "SC 1868 Bamberg"]
[PlyCount "156"]
[WhiteFideId "24698903"]
[BlackFideId "12910171"]
[EventCountry "GER"]
[EventRounds "7"]
[EventType "team-swiss"]
[EventDate "2009.12.26"]

1. e4 e6 2. d4 d5 3. exd5 exd5 4. Bd3 Bd6 5. Ne2 Ne7 6. O-O Nbc6 7. c3 Bf5 8.
Re1 Bxd3 9. Qxd3 Qd7 10. Nd2 f6 11. Nb3 O-O 12. Bf4 Ng6 13. Bxd6 Qxd6 14. Ng3
b6 15. Qf3 Nce7 16. Re3 f5 17. Nf1 f4 18. Ree1 Rf5 19. Nfd2 Qf6 20. Qe2 Rf8 21.
Qe6+ Qxe6 22. Rxe6 R8f6 23. Rxf6 Rxf6 24. Nf3 h6 25. Re1 Kf7 26. Ne5+ Nxe5 27.
dxe5 Rg6 28. Nd4 a6 29. f3 c5 30. Ne2 Rg5 31. Nxf4 Nc6 32. Nxd5 Nxe5 33. f4
Nf3+ 34. Kf2 Rxd5 35. Kxf3 Rd3+ 36. Re3 Rd2 37. Re2 Rd3+ 38. Kg4 g6 39. f5
gxf5+ 40. Kxf5 Rd5+ 41. Kf4 a5 42. Ke3 a4 43. Rd2 Re5+ 44. Kd3 b5 45. Re2 Rh5
46. g3 Rd5+ 47. Kc2 Rf5 48. Kd3 Rd5+ 49. Ke4 Rd7 50. Kf5 Rd5+ 51. Ke4 Rd7 52.
Kf5 Rd5+ 53. Kg4 a3 54. b3 Rd3 55. Rc2 Kf6 56. Re2 Rd8 57. Kf3 Rd3+ 58. Kf4 Rd1
59. g4 Rb1 60. h4 Rb2 61. Ke3 Rb1 62. Rg2 Kg6 63. Kd3 Rd1+ 64. Kc2 Ra1 65. Kd3
Rb1 66. Ke3 Rb2 67. Kf3 Kf6 68. Re2 Rb1 69. Ke3 Rb2 70. Kd3 Rb1 71. g5+ hxg5
72. hxg5+ Kxg5 73. Re5+ Kf4 74. Rxc5 Rd1+ 75. Kc2 Ra1 76. Rh5 Rxa2+ 77. Kd3 Rb2
78. Rxb5 a2 {Partie nicht mehr rekonstruierbar} 1/2-1/2

[Event "DVM U16 2009"]
[Site "Verden/Aller GER"]
[Date "2009.12.27"]
[Round "2"]
[White "Schrepfer, Maximilian"]
[Black "Rothermel, Tim"]
[Result "0-1"]
[Termination "normal"]
[Board "8.3"]
[WhiteElo "1550"]
[BlackElo "1773"]
[WhiteTeam "SC 1868 Bamberg"]
[BlackTeam "SK 1980 Gernsheim"]
[PlyCount "131"]
[WhiteFideId "12910180"]
[BlackFideId "24660647"]
[EventCountry "GER"]
[EventRounds "7"]
[EventType "team-swiss"]
[EventDate "2009.12.26"]

1. d4 g6 2. c4 Bg7 3. Nc3 d6 4. Nf3 Nc6 5. Bf4 Bg4 6. e3 e5 7. dxe5 dxe5 8.
Qxd8+ Rxd8 9. Bg3 Nge7 10. Be2 O-O 11. O-O f5 12. e4 Bxf3 13. Bxf3 Bf6 14. h3
Nd4 15. Bd1 f4 16. Bh2 Kh8 17. f3 Rg8 18. Kh1 Nec6 19. Nd5 Bh4 20. Nxc7 Nb4 21.
Nd5 Nd3 22. Rb1 Rc8 23. b3 Nf2+ 24. Rxf2 Bxf2 25. Ne7 Rc5 26. Nxg8 Kxg8 27. Bg1
Bxg1 28. Kxg1 Ra5 29. Rb2 Rc5 30. Kf2 Kf7 31. Be2 Rc6 32. Bf1 Ke7 33. b4 Ra6
34. c5 Ra3 35. Bc4 b6 36. Bd5 Rc3 37. cxb6 axb6 38. b5 Kd6 39. Bg8 h6 40. a4
Ra3 41. Rb4 Rc3 42. Rb2 Kc5 43. Ke1 Ra3 44. Kd2 Rxa4 45. Bf7 g5 46. Be8 Rb4 47.
Ra2 Nxb5 48. Bxb5 Rxb5 49. Kc3 Ra5 50. Rd2 Ra3+ 51. Kb2 Re3 52. Kc2 Kc4 53. Kb2
b5 54. Rf2 b4 55. Rd2 Rd3 56. Rf2 Kd4 57. Re2 Rc3 58. Rd2+ Ke3 59. Rd5 Rd3 60.
Rxe5 Rd2+ 61. Kb3 Rxg2 62. Re6 Kxf3 63. e5 Re2 64. Kxb4 Kg2 65. Kc3 f3 66. Rxh6
{Partie nicht weiter rekonstruierbar} 0-1

[Event "DVM U16 2009"]
[Site "Verden/Aller GER"]
[Date "2009.12.27"]
[Round "2"]
[White "Hofmann, Christoph"]
[Black "Seubert, Lukas"]
[Result "1/2-1/2"]
[Termination "normal"]
[Board "8.4"]
[WhiteElo "1509"]
[BlackElo "1557"]
[WhiteTeam "SK 1980 Gernsheim"]
[BlackTeam "SC 1868 Bamberg"]
[PlyCount "54"]
[WhiteFideId "24698857"]
[EventCountry "GER"]
[EventRounds "7"]
[EventType "team-swiss"]
[EventDate "2009.12.26"]

1. d4 d5 2. c4 e6 3. Nc3 Nf6 4. cxd5 Nxd5 5. e4 Nb6 6. Bf4 Nc6 7. Nf3 Bd6 8.
Bxd6 cxd6 9. d5 exd5 10. Nxd5 Nxd5 11. Qxd5 Be6 12. Qb5 Qa5+ 13. Qxa5 Nxa5 14.
Bb5+ Nc6 15. Nd4 Bd7 16. O-O-O Nxd4 17. Bxd7+ Kxd7 18. Rxd4 Ke6 19. Rhd1 Rhd8
20. Rd5 Rac8+ 21. Kb1 Rc6 22. e5 Rd7 23. R1d3 Rcc7 24. Rxd6+ Rxd6 25. exd6 Rd7
26. Kc2 Rxd6 27. Rxd6+ Kxd6 1/2-1/2

[Event "DVM U16 2009"]
[Site "Verden/Aller GER"]
[Date "2009.12.27"]
[Round "2"]
[White "Biesel, Mario"]
[Black "Butschek, Marc"]
[Result "0-1"]
[Termination "normal"]
[Board "9.1"]
[WhiteElo "1523"]
[BlackElo "1840"]
[WhiteTeam "SC Turm Illingen"]
[BlackTeam "Schachgesellschaft Bochum 31"]
[PlyCount "75"]
[WhiteFideId "12910252"]
[BlackFideId "4630904"]
[EventCountry "GER"]
[EventRounds "7"]
[EventType "team-swiss"]
[EventDate "2009.12.26"]

1. c4 f5 2. Nc3 Nf6 3. g3 g6 4. Bg2 d6 5. Nf3 Bg7 6. d3 O-O 7. O-O Nc6 8. Rb1
e5 9. Bg5 h6 10. Bxf6 Qxf6 11. Nd5 Qf7 12. b4 Be6 13. Nd2 g5 14. b5 Nd8 15. a4
c6 16. bxc6 Nxc6 17. Nb4 Rac8 18. Nxc6 bxc6 19. a5 d5 20. Qa4 e4 21. Rfc1 f4
22. Rf1 Bc3 23. cxd5 cxd5 24. Nxe4 dxe4 25. Bxe4 Bh3 26. Rb7 Rc7 27. Rfb1 fxg3
28. hxg3 Qxf2+ 29. Kh1 Rxb7 30. Bxb7 Bg7 31. Qc4+ Kh8 32. Qe4 Qxg3 33. Rg1 Qf4
34. Qf3 Qh4 35. Qg3 Rf4 36. Qxh4 Rxh4 37. Rb1 Bf1+ 38. Kg1 0-1

[Event "DVM U16 2009"]
[Site "Verden/Aller GER"]
[Date "2009.12.27"]
[Round "2"]
[White "Budszuhn, Timo"]
[Black "Kuhn, Patrick"]
[Result "1/2-1/2"]
[Termination "normal"]
[Board "9.2"]
[WhiteElo "1717"]
[BlackElo "1617"]
[WhiteTeam "Schachgesellschaft Bochum 31"]
[BlackTeam "SC Turm Illingen"]
[PlyCount "44"]
[WhiteFideId "1270607"]
[BlackFideId "12910260"]
[EventCountry "GER"]
[EventRounds "7"]
[EventType "team-swiss"]
[EventDate "2009.12.26"]

1. e4 c5 2. Nf3 d6 3. d4 cxd4 4. Nxd4 Nf6 5. Nc3 g6 6. Be2 Bg7 7. Be3 Nc6 8.
O-O O-O 9. h3 Bd7 10. Nb3 a6 11. a4 Rc8 12. a5 Ne5 13. Bb6 Qe8 14. Nd4 Bc6 15.
f4 Ned7 16. Nxc6 Rxc6 17. Bf3 Nxb6 18. e5 Nfd5 19. Nxd5 Nxd5 20. Bxd5 Rc7 21.
exd6 Rd7 22. Qf3 Rxd6 {Partie nicht mehr Konstruierbar} 1/2-1/2

[Event "DVM U16 2009"]
[Site "Verden/Aller GER"]
[Date "2009.12.27"]
[Round "2"]
[White "Weiler, Philipp"]
[Black "Orhan, Eda"]
[Result "0-1"]
[Termination "normal"]
[Board "9.3"]
[WhiteElo "1339"]
[BlackElo "1780"]
[WhiteTeam "SC Turm Illingen"]
[BlackTeam "Schachgesellschaft Bochum 31"]
[PlyCount "89"]
[BlackFideId "24659258"]
[EventCountry "GER"]
[EventRounds "7"]
[EventType "team-swiss"]
[EventDate "2009.12.26"]

1. e4 d5 2. exd5 Qxd5 3. Nc3 Qa5 4. d4 Bf5 5. Nf3 Nf6 6. Bd2 c6 7. Bc4 e6 8.
O-O Nbd7 9. Nd5 Qd8 10. Nxf6+ gxf6 11. c3 Bd6 12. Re1 Nb6 13. Bb3 Qc7 14. Nh4
Bg6 15. Qg4 O-O-O 16. h3 Kb8 17. Nxg6 hxg6 18. Qf3 f5 19. Bg5 Be7 20. Bxe7 Qxe7
21. a4 Qd6 22. a5 Nd7 23. a6 b6 24. Ba4 Kc7 25. c4 Nf6 26. Rac1 Rc8 27. c5 Qd5
28. Qf4+ Kd7 29. cxb6 axb6 30. Rxc6 Rxc6 31. Rc1 b5 32. Rxc6 Kxc6 33. a7 Ra8
34. Qb8 Rxb8 35. axb8=Q bxa4 36. Qa8+ Kc7 37. Qa7+ Qb7 38. Qc5+ Kd7 39. Qe5 Nd5
40. Qg7 Ke7 41. Qh6 Qxb2 42. Qh4+ Kd7 43. Qh7 Qc1+ 44. Kh2 Qf4+ 45. g3 0-1

[Event "DVM U16 2009"]
[Site "Verden/Aller GER"]
[Date "2009.12.27"]
[Round "2"]
[White "Benning, Robert"]
[Black "Küneke, Niklas"]
[Result "1-0"]
[Termination "normal"]
[Board "9.4"]
[WhiteElo "1316"]
[BlackElo "1173"]
[WhiteTeam "Schachgesellschaft Bochum 31"]
[BlackTeam "SC Turm Illingen"]
[PlyCount "93"]
[WhiteFideId "1271707"]
[EventCountry "GER"]
[EventRounds "7"]
[EventType "team-swiss"]
[EventDate "2009.12.26"]

1. d4 d5 2. c4 c6 3. Nf3 Nf6 4. Bg5 Nbd7 5. Nc3 dxc4 6. e3 h6 7. Bh4 e6 8. Bxc4
Be7 9. O-O Nb6 10. Bd3 Nfd5 11. Bxe7 Qxe7 12. Ne5 Nb4 13. Be4 N6d5 14. a3 Nxc3
15. bxc3 Nd5 16. c4 Nc3 17. Qd3 Nxe4 18. Qxe4 Qd6 19. f4 b6 20. Qxc6+ Qxc6 21.
Nxc6 O-O 22. Ne7+ Kh7 23. Nxc8 Raxc8 24. Rfc1 Kg6 25. Kf2 f6 26. c5 e5 27. cxb6
Rxc1 28. Rxc1 axb6 29. Rc6 exd4 30. exd4 Ra8 31. Rc3 Ra4 32. Rd3 b5 33. Kf3 Kf5
34. g3 b4 35. axb4 Rxb4 36. d5 Rb7 37. g4+ Kg6 38. d6 Rd7 39. Ke4 Kf7 40. Kf5
g6+ 41. Ke4 Ke6 42. f5+ gxf5+ 43. gxf5+ Kf7 44. Kd5 Rd8 45. Rc3 Ke8 46. Ke6 Rd7
47. Rc8+ 1-0